[Event "Challenge"]
[Site "http://www.queenalice.com/game.php?id=302355"]
[Date "2007.11.11"]
[Round "-"]
[White "mateus_amorim"]
[Black "floyd_page"]
[Result "0-1"]
[WhiteElo "1709"]
[BlackElo "1775"]

1. d4 d5 2. Bf4 Nf6 3. Nc3 e6 4. Qd3 Be7 5. O-O-O O-O 6. f3 c6 7. g4 Na6 8. a3
Qa5 9. h4 Bxa3 10. bxa3 Qxa3+ 11. Kd2 Nb4 12. Qe3 b6 13. Rc1 Ba6 14. Ke1 c5 15.
dxc5 bxc5 16. Qxc5 Nxc2+ 17. Rxc2 Qxc5 0-1

[Event "Challenge"]
[Site "http://www.queenalice.com/game.php?id=306722"]
[Date "2007.11.19"]
[Round "-"]
[White "floyd_page"]
[Black "RichardB"]
[Result "0-1"]
[WhiteElo "1790"]
[BlackElo "2024"]

1. e4 c6 2. d4 d5 3. exd5 cxd5 4. c4 Nf6 5. Nf3 Bg4 6. Nc3 e6 7. cxd5 Nxd5 8.
Be2 Bb4 9. Bd2 Nc6 10. O-O Bxf3 11. Bxf3 Nxd4 12. Nxd5 Bxd2 13. Qxd2 Nxf3+ 14.
gxf3 Qxd5 15. Qxd5 exd5 16. Rad1 O-O-O 17. Rd2 Rd6 18. Rc1+ Kb8 19. Rcd1 Rhd8
20. f4 d4 21. Kg2 f5 22. f3 b5 23. Kf2 Kb7 24. Rd3 a5 25. a3 Kb6 26. Rc1 Rc6 27.
Rxc6+ Kxc6 28. Ke2 Re8+ 29. Kd2 Kc5 30. Kc2 Re2+ 31. Rd2 Rxd2+ 32. Kxd2 Kc4 33.
Kc2 d3+ 34. Kd2 Kb3 35. Kxd3 Kxb2 0-1

[Event "H"]
[Site "http://www.queenalice.com/game.php?id=319518"]
[Date "2007.12.13"]
[Round "-"]
[White "SardeBR"]
[Black "floyd_page"]
[Result "1-0"]
[WhiteElo "1672"]
[BlackElo "1766"]

1. c4 e5 2. d4 Bb4+ 3. Nc3 exd4 4. Qxd4 Nf6 5. Bg5 Nc6 6. Bxf6 Nxd4 7. Bxd8 Nc2+
8. Kd1 Nxa1 9. Bxc7 O-O 10. Be5 Re8 11. Bd4 d6 12. Nd5 Ba5 13. b4 Bd8 14. Bxa1
b6 15. f3 Bb7 16. e4 Bxd5 17. cxd5 Bg5 18. Bb5 Rec8 19. Bc6 Rab8 20. a4 a6 21.
b5 axb5 22. axb5 Rc7 23. Bd4 f6 24. Nh3 Bh6 25. f4 g5 26. Bxf6 gxf4 27. Rf1 Rf8
28. e5 dxe5 29. Bxe5 Rcf7 30. d6 Rd8 31. Bd5 1-0

[Event "Challenge"]
[Site "http://www.queenalice.com/game.php?id=356983"]
[Date "2008.2.19"]
[Round "-"]
[White "willianfc"]
[Black "floyd_page"]
[Result "1-0"]
[WhiteElo "1818"]
[BlackElo "1739"]

1. e4 e5 2. Bc4 Nf6 3. d3 d5 4. exd5 Nxd5 5. Qf3 Be6 6. Ne2 Be7 7. Nbc3 c6 8. a3
O-O 9. Ne4 Nb6 10. Bxe6 fxe6 11. Qh3 Qc8 12. Bg5 Bd8 13. Bxd8 Rxd8 14. Ng5 h6
15. Qxe6+ Qxe6 16. Nxe6 Rc8 17. O-O c5 18. Ng3 Kf7 19. Nxg7 Kxg7 20. Rfe1 N8d7
21. Re4 Re8 22. Nf5+ Kg6 23. Nd6 Re6 24. Nxb7 Nf6 25. Nxc5 Re7 26. Re3 Rc8 27.
b4 Nfd5 28. Rg3+ Kh7 29. c4 Nc3 30. Re1 Nba4 31. d4 Nxc5 32. Rxc3 Nd7 33. c5 e4
34. Rce3 Nf6 35. f3 Rce8 36. fxe4 Nxe4 37. d5 Kg7 38. d6 1-0

[Event "Challenge"]
[Site "http://www.queenalice.com/game.php?id=356984"]
[Date "2008.2.19"]
[Round "-"]
[White "floyd_page"]
[Black "willianfc"]
[Result "0-1"]
[WhiteElo "1739"]
[BlackElo "1862"]

1. e4 e5 2. Nf3 d6 3. d4 Bg4 4. Bc4 Nf6 5. Nc3 Bxf3 6. gxf3 Be7 7. Be3 a6 8. Qd2
exd4 9. Bxd4 Nc6 10. O-O-O Nxd4 11. Qxd4 Nh5 12. Qd5 Bg5+ 13. Kb1 O-O 14. Rhg1
h6 15. h4 Nf6 16. Qf5 Bxh4 17. Qg6 Bg5 18. f4 d5 19. Qf5 g6 20. Qe5 Re8 21. Qd4
Bxf4 22. exd5 Qd6 23. f3 Be3 24. Qd3 Bxg1 25. Rxg1 Kh7 26. Ne4 Nxe4 27. fxe4 Re5
28. Qf1 Qe7 29. Rg4 f5 30. Rg1 Rxe4 31. Bd3 Re5 32. c4 Re8 33. Qg2 Re1+ 34. Rxe1
Qxe1+ 35. Kc2 b5 36. cxb5 axb5 37. Bxb5 Re4 38. Qh2 Qa5 39. Bd3 Re1 40. Qd2
Qxd2+ 41. Kxd2 Re7 42. Kc3 h5 43. a4 h4 44. Bf1 g5 45. a5 g4 46. Bd3 Kg6 47. a6
Re8 48. b4 h3 49. Bf1 h2 50. Bg2 Re2 51. a7 Ra2 52. d6 Rxg2 53. a8=Q h1=Q 54.
Qg8+ Kf6 55. Qd8+ Ke5 56. Qe8+ Kf4 57. d7 Qc1+ 58. Kb3 Qd1+ 59. Kc4 Rc2+ 60. Kb5
Qd3+ 61. Ka5 Ra2# 0-1

[Event "AUTO-OPEN-807"]
[Site "http://www.queenalice.com/game.php?id=357965"]
[Date "2008.2.20"]
[Round "2"]
[White "mateuserafa"]
[Black "floyd_page"]
[Result "1-0"]
[WhiteElo "2248"]
[BlackElo "1722"]

1. e4 e5 2. Nf3 Nc6 3. Nc3 Nf6 4. d4 exd4 5. Nxd4 Nxd4 6. Qxd4 d6 7. Bg5 Be7 8.
Bb5+ c6 9. Bc4 O-O 10. O-O-O c5 11. Qd3 Ne8 12. Be3 b6 13. Rd2 a6 14. Bd5 Rb8
15. Bc6 Qc7 16. Nd5 Qa7 17. Bf4 a5 18. Bxe8 Rxe8 19. Nxe7+ Qxe7 20. Bxd6 Qb7 21.
Bxb8 Qxb8 22. Qd8 Bb7 23. Rhd1 h6 24. Qxb8 Rxb8 25. Rd8+ Rxd8 26. Rxd8+ Kh7 27.
f3 Bc6 28. Rd6 Be8 29. Rxb6 a4 30. Kd2 f6 31. Kc3 Bf7 32. b3 axb3 33. cxb3 Kg6
34. a4 1-0

[Event "AUTO-OPEN-807"]
[Site "http://www.queenalice.com/game.php?id=357966"]
[Date "2008.2.20"]
[Round "2"]
[White "floyd_page"]
[Black "mateuserafa"]
[Result "0-1"]
[WhiteElo "1727"]
[BlackElo "2252"]

1. e4 c5 2. Nf3 d6 3. d4 cxd4 4. Nxd4 Nf6 5. Nc3 a6 6. Bd3 e6 7. O-O Be7 8. f4
O-O 9. e5 dxe5 10. Nf3 exf4 11. Bxf4 Qb6+ 12. Kh1 Qxb2 13. Qd2 Bb4 14. Be5 Nbd7
15. Rfb1 Qa3 16. Rb3 Qa5 17. Rab1 Nxe5 18. Nxe5 Bxc3 19. Qxc3 Qxc3 20. Rxc3 Nd5
21. Rcb3 f6 22. Nf3 a5 23. a3 a4 24. R3b2 Nc3 25. Re1 b5 26. Nd4 Bd7 27. h3 e5
28. Ne2 Rac8 29. Nxc3 Rxc3 30. Bxb5 Bxb5 31. Rxb5 Rxa3 32. Ra5 Rc8 33. Rc1 Ra2
34. c3 Rc4 35. Kh2 h5 36. Ra8+ Kf7 37. Ra6 h4 38. Kg1 a3 39. Ra7+ Kg6 40. Ra6
Kg5 41. Ra7 g6 42. Ra5 Kh6 43. Ra8 f5 0-1

[Event "Challenge"]
[Site "http://www.queenalice.com/game.php?id=373152"]
[Date "2008.3.18"]
[Round "-"]
[White "floyd_page"]
[Black "MarcD"]
[Result "0-1"]
[WhiteElo "1735"]
[BlackElo "1933"]

1. e4 c5 2. Nf3 Nc6 3. d4 cxd4 4. Nxd4 d6 5. Be3 Bd7 6. Bc4 Nf6 7. Nc3 g6 8. O-O
Bg7 9. Qd2 O-O 10. f4 a6 11. e5 dxe5 12. Nxc6 Bxc6 13. fxe5 Ng4 14. h3 Qxd2 15.
Bxd2 Nxe5 16. Bb3 e6 17. Bf4 Nd7 18. Rad1 Rfe8 19. a3 Nc5 20. Ba2 Rad8 21. Rb1
Ne4 22. Nxe4 Bxe4 23. Bb3 Bd5 24. Bxd5 Rxd5 25. c3 Red8 26. Bh2 b5 27. Rf3 Rd1+
28. Rxd1 Rxd1+ 29. Rf1 Rxf1+ 30. Kxf1 Kf8 31. Ke2 Ke7 32. Kd3 Kd7 33. b3 Kc6 34.
c4 f5 35. cxb5+ axb5 36. a4 bxa4 37. bxa4 Kc5 38. a5 Kb5 39. Bc7 Bf6 40. Ke3 g5
41. g3 Bc3 42. Ke2 Bxa5 43. Bd6 Bd8 44. Kf3 Kc6 45. Be5 Kd5 46. Bb8 Bf6 47. Bc7
e5 48. Ke3 h5 49. Bb6 f4+ 50. gxf4 gxf4+ 51. Ke2 e4 52. Kd2 Bd4 53. Bc7 Be5 54.
Bb6 Kc4 55. Bg1 Bc3+ 56. Ke2 f3+ 57. Kf1 Kd3 58. h4 e3 59. Bxe3 Kxe3 60. Kg1 Ke2
0-1

[Event "Challenge"]
[Site "http://www.queenalice.com/game.php?id=373153"]
[Date "2008.3.18"]
[Round "-"]
[White "MarcD"]
[Black "floyd_page"]
[Result "1-0"]
[WhiteElo "1878"]
[BlackElo "1728"]

1. d4 d5 2. Nf3 Nf6 3. Bf4 Bf5 4. e3 e6 5. Bd3 Bg6 6. c3 Bd6 7. Bg3 O-O 8. Qc2
c5 9. Nbd2 Nbd7 10. Bxd6 Re8 11. Bg3 cxd4 12. exd4 Nb6 13. O-O Rc8 14. Rfe1 Nc4
15. Bxg6 fxg6 16. Nxc4 Rxc4 17. Nd2 Rc8 18. Qd3 Nh5 19. Re2 Qg5 20. Rae1 Qf6 21.
Qf3 Qxf3 22. Nxf3 Nxg3 23. hxg3 Rc6 24. Ng5 h6 25. Nxe6 Rcc8 26. Nf4 Red8 27.
Nxg6 Kf7 28. Nf4 a6 29. Re5 Re8 30. Rxe8 Rxe8 31. Rxe8 Kxe8 32. Nxd5 Kd7 33. f4
Kd6 34. Ne3 b6 35. Kf2 g6 36. Kf3 b5 37. b3 a5 38. a3 g5 39. Ke4 gxf4 40. gxf4
1-0

[Event "Challenge"]
[Site "http://www.queenalice.com/game.php?id=385867"]
[Date "2008.4.11"]
[Round "-"]
[White "mmarco"]
[Black "floyd_page"]
[Result "0-1"]
[WhiteElo "1123"]
[BlackElo "1720"]

1. e3 e5 2. d3 d5 3. e4 Ne7 4. exd5 Nxd5 5. d4 Nc6 6. Be2 Nxd4 7. Bc4 Be6 8. f4
Nxf4 9. Bxe6 Nfxe6 10. Nf3 Nxf3+ 11. Qxf3 c6 12. Rf1 Qd7 13. Nc3 Nd4 14. Qf2 f6
15. Be3 O-O-O 16. b4 Bxb4 17. Bxd4 exd4 18. Rd1 Bxc3+ 19. Ke2 Rhe8+ 20. Kf3 Qf5+
21. Kg3 Qg5+ 22. Kh3 Qh5+ 23. Kg3 Re3+ 24. Qxe3 dxe3 25. Rfe1 Be5# 0-1

[Event "Challenge"]
[Site "http://www.queenalice.com/game.php?id=385868"]
[Date "2008.4.11"]
[Round "-"]
[White "floyd_page"]
[Black "mmarco"]
[Result "1-0"]
[WhiteElo "1718"]
[BlackElo "1125"]

1. e4 d5 2. exd5 Qxd5 3. Nc3 Qe5+ 4. Be2 Qg5 5. Nf3 Qxg2 6. Rg1 Qh3 7. Rg3 Qe6
8. d4 Qd7 9. Be3 e6 10. Qd2 Bb4 11. Ne5 Qd8 12. Rxg7 Bxc3 13. Qxc3 Qd5 14. Nxf7
Qh1+ 15. Bf1 e5 16. Qxc7 Nc6 17. Nxh8 Kf8 18. Qf7# 1-0

[Event "Challenge"]
[Site "http://www.queenalice.com/game.php?id=387424"]
[Date "2008.4.14"]
[Round "-"]
[White "rdaigle2003"]
[Black "floyd_page"]
[Result "1/2-1/2"]
[WhiteElo "1626"]
[BlackElo "1729"]

1. e4 e5 2. Nf3 Nc6 3. Bb5 a6 4. Bxc6 dxc6 5. d3 Bd6 6. O-O Nf6 7. Bg5 h6 8. Be3
Bg4 9. d4 Qe7 10. Nbd2 c5 11. c3 cxd4 12. cxd4 exd4 13. Bxd4 Bb4 14. e5 Nd7 15.
Qb3 Bxd2 16. Nxd2 b6 17. Rfe1 O-O 18. Qc3 Be6 19. f4 c5 20. Be3 Rac8 21. Qd3 b5
22. a4 Rcd8 23. Qe4 b4 24. Qb7 Ra8 25. Rec1 Rfb8 26. Qc6 Rc8 27. Qe4 f5 28. Qd3
g6 29. Nf3 c4 30. Qd4 Kg7 31. Bf2 a5 32. Nd2 Rc7 33. Nxc4 Rac8 34. b3 Nc5 35.
Rab1 Bxc4 36. Rxc4 Ne6 37. Rxc7 Rxc7 38. Qb6 Nxf4 39. Rd1 h5 40. g3 Nh3+ 41. Kg2
Nxf2 42. Kxf2 Rc2+ 43. Kf3 Qxe5 44. Rd4 Qe2+ 45. Kf4 Qg4+ 46. Ke5 Qg5 47. Rd7+
Kh6 48. Ke6 Re2+ 49. Kf7 f4 50. Kg8 Re8+ 51. Kf7 Rc8 52. gxf4 Qf5+ 53. Ke7 Qf8+
54. Ke6 Re8+ 55. Kd5 Qf5+ 56. Kc6 Re6+ 57. Rd6 Rxd6+ 58. Kxd6 Qxf4+ 59. Kc5 Qe5+
60. Kc4 Qe2+ 61. Kc5 Qe5+ 62. Kc4 Qc3+ 63. Kb5 Qe5+ 64. Ka6 1/2-1/2

[Event "Challenge"]
[Site "http://www.queenalice.com/game.php?id=390980"]
[Date "2008.4.21"]
[Round "-"]
[White "Rapaz"]
[Black "floyd_page"]
[Result "0-1"]
[WhiteElo "1270"]
[BlackElo "1733"]

1. e3 e5 2. Nf3 Nc6 3. d4 d6 4. Bb5 exd4 5. exd4 Bd7 6. O-O Nf6 7. Bg5 Be7 8.
Re1 O-O 9. d5 Nb4 10. c4 Bxb5 11. cxb5 Re8 12. a3 Nbxd5 13. Nc3 Nxc3 14. bxc3
Ng4 15. Ra2 Bxg5 16. Rxe8+ Qxe8 17. Re2 Qd8 18. Nxg5 Qxg5 19. Qe1 Kf8 20. c4 Nf6
21. a4 Re8 22. g3 Rxe2 23. Qxe2 Qe5 24. Qe3 Qxe3 25. fxe3 Ne4 26. a5 Nd2 27. a6
bxa6 28. bxa6 Nxc4 29. Kf2 c5 30. Ke2 Ke7 31. Kd3 Nb6 32. Kc3 Ke6 33. Kd3 Ke5
34. h4 d5 35. e4 dxe4+ 36. Ke3 Nd5+ 37. Kd2 c4 38. Kc2 Kd4 39. Kb2 e3 40. Ka3 e2
0-1

[Event "Challenge"]
[Site "http://www.queenalice.com/game.php?id=401002"]
[Date "2008.5.10"]
[Round "-"]
[White "floyd_page"]
[Black "Claudio_C_A"]
[Result "1-0"]
[WhiteElo "1727"]
[BlackElo "1330"]

1. e4 d5 2. exd5 Qxd5 3. Nc3 Qe5+ 4. Be2 Nc6 5. Nf3 Qe6 6. O-O Qg6 7. Re1 Bh3 8.
Nh4 Nf6 9. Nxg6 hxg6 10. gxh3 Rxh3 11. Nb5 O-O-O 12. Bg4+ e6 13. Bxh3 Bc5 14. d3
Nd7 15. Bg2 b6 16. Bxc6 Nb8 17. Nxa7# 1-0

[Event "Challenge"]
[Site "http://www.queenalice.com/game.php?id=425251"]
[Date "2008.6.29"]
[Round "-"]
[White "floyd_page"]
[Black "rdaigle2003"]
[Result "1-0"]
[WhiteElo "1725"]
[BlackElo "1622"]

1. e4 e6 2. d4 b6 3. Nc3 Bb7 4. Nf3 Bb4 5. Bd3 d5 6. e5 Bxc3+ 7. bxc3 Nc6 8. O-O
Nge7 9. Bd2 O-O 10. Bxh7+ Kxh7 11. Ng5+ Kg6 12. h4 Rh8 13. Qg4 Qd7 14. h5+ Rxh5
15. Nxe6+ Rg5 16. Qxg5+ Kh7 17. Nf8+ Kg8 18. Nxd7 f6 19. exf6 Bc8 20. Qxg7# 1-0

[Event "Challenge"]
[Site "http://www.queenalice.com/game.php?id=425485"]
[Date "2008.6.30"]
[Round "-"]
[White "floyd_page"]
[Black "jose03"]
[Result "1-0"]
[WhiteElo "1737"]
[BlackElo "1630"]

1. e4 Nc6 2. Nf3 d5 3. exd5 Qxd5 4. Nc3 Qe6+ 5. Be2 Nf6 6. O-O Nh5 7. Ng5 Qf5 8.
Nxf7 Kxf7 9. Bxh5+ Kg8 10. Bf3 Nd4 11. Be4 Qe5 12. Re1 e6 13. Bxh7+ Rxh7 14.
Rxe5 Bd6 15. Rh5 b6 16. Rxh7 Kxh7 17. Qh5+ Kg8 18. Ne4 Nxc2 19. Ng5 Kf8 20. Qf7#
1-0

[Event "Challenge"]
[Site "http://www.queenalice.com/game.php?id=438832"]
[Date "2008.7.25"]
[Round "-"]
[White "floyd_page"]
[Black "andresalles"]
[Result "0-1"]
[WhiteElo "1764"]
[BlackElo "1763"]

1. e4 e5 2. Nf3 Nc6 3. Bc4 h6 4. d4 Qf6 5. dxe5 Nxe5 6. Nxe5 Qxe5 7. O-O Nf6 8.
Nc3 Bd6 9. g3 O-O 10. Bd3 Bb4 11. Bd2 b6 12. a3 Bxc3 13. Bxc3 Qe6 14. f4 Bb7 15.
Qe2 Nxe4 16. Bxe4 Qxe4 17. Qxe4 Bxe4 18. Rf2 c5 19. b4 d6 20. bxc5 dxc5 21. Bb2
Rad8 22. Re1 Bf5 23. c4 Rd3 24. a4 Rfd8 25. Re7 Rd1+ 26. Rf1 Rxf1+ 27. Kxf1 Bd3+
28. Ke1 Bxc4 29. Rxa7 Re8+ 30. Kd1 Re2 31. Be5 Rxh2 32. g4 Bb3+ 33. Kc1 Ra2 34.
g5 hxg5 35. fxg5 Rxa4 36. Rxa4 Bxa4 37. Kb2 Kh7 38. Bf4 Kg6 39. Be3 f6 40. gxf6
gxf6 41. Kc3 Kf5 42. Kd3 Ke5 43. Kd2 Kd5 44. Kc3 c4 45. Bxb6 Bb3 46. Be3 Ke4 47.
Bf2 f5 48. Kd2 Kf3 49. Bh4 f4 50. Ke1 Kg2 51. Bf2 c3 52. Bd4 c2 53. Kd2 f3 54.
Be3 f2 55. Bxf2 Kxf2 56. Kc1 Ke2 0-1

[Event "Challenge"]
[Site "http://www.queenalice.com/game.php?id=440562"]
[Date "2008.7.29"]
[Round "-"]
[White "Mike36bh"]
[Black "floyd_page"]
[Result "0-1"]
[WhiteElo "1732"]
[BlackElo "1751"]

1. d4 d5 2. Nc3 Nf6 3. Bf4 Bf5 4. e3 e6 5. a3 Bd6 6. Bg5 O-O 7. Bd3 Bg6 8. Nf3
Nbd7 9. O-O c5 10. Nb5 Be7 11. dxc5 Nxc5 12. Bxg6 fxg6 13. Nbd4 Qd7 14. Ne5 Qc8
15. b4 Ncd7 16. Nxd7 Qxd7 17. c3 Ne4 18. Bxe7 Qxe7 19. Qd3 Rac8 20. Rac1 Qh4 21.
Rc2 Qf6 22. f3 Nd6 23. Rcf2 Nc4 24. e4 Qe7 25. exd5 exd5 26. a4 a6 27. b5 axb5
28. Nxb5 Qc5 29. Nd4 Rce8 30. f4 Nb6 31. f5 gxf5 32. Nxf5 g6 33. Nd4 Rxf2 34.
Rxf2 Nxa4 35. Rf1 Nxc3 36. h3 Ne2+ 37. Kh1 Qxd4 38. Qf3 Qe5 39. Qf7+ Kh8 40. Re1
Ng3+ 0-1

[Event "Challenge"]
[Site "http://www.queenalice.com/game.php?id=442699"]
[Date "2008.8.2"]
[Round "-"]
[White "mauriciov"]
[Black "floyd_page"]
[Result "1-0"]
[WhiteElo "2145"]
[BlackElo "1766"]

1. Nf3 d5 2. d4 Nc6 3. Bf4 Bf5 4. e3 Nf6 5. c3 e6 6. Bb5 Bd6 7. Ne5 Bxe5 8. Bxe5
O-O 9. Nd2 Nxe5 10. dxe5 Ne4 11. O-O c6 12. Ba4 f6 13. exf6 Qxf6 14. Nf3 Bg4 15.
h3 Bxf3 16. Qxf3 Qxf3 17. gxf3 Rxf3 18. Bc2 Rxh3 19. Bxe4 dxe4 20. Rad1 Rh6 21.
Rd4 Rf8 22. Rfd1 Rhf6 23. Rb4 Rxf2 24. Rxb7 R2f7 25. Rxf7 Rxf7 26. Rd6 Rf3 27.
Rxc6 Rxe3 28. Ra6 h5 29. Rxa7 h4 30. Ra5 Rg3+ 31. Kh2 g5 32. Re5 e3 33. b4 Kf7
34. b5 e2 35. b6 Rxc3 36. Rxe2 Rc8 37. b7 Rb8 38. Rb2 Ke7 39. a4 Kd7 40. a5 Kc7
41. a6 e5 42. a7 Rxb7 43. Rc2+ 1-0

[Event "Challenge"]
[Site "http://www.queenalice.com/game.php?id=449842"]
[Date "2008.8.17"]
[Round "-"]
[White "fafaducarmo"]
[Black "floyd_page"]
[Result "0-1"]
[WhiteElo "1594"]
[BlackElo "1748"]

1. d4 d5 2. c4 c6 3. Nc3 Nf6 4. Bf4 Bf5 5. e3 e6 6. c5 Be7 7. h3 Nbd7 8. Bd3 Bg6
9. Nf3 O-O 10. Ne5 b6 11. Nxc6 Qe8 12. Nxe7+ Qxe7 13. Bd6 Qd8 14. Bxf8 Qxf8 15.
c6 Nb8 16. c7 Nbd7 17. Ba6 Ne4 18. f3 Ng3 19. Rg1 f5 20. Qa4 Nf6 21. Qc6 Qe8 22.
Qxe8+ Nxe8 23. Bb7 Nxc7 24. Bxa8 Nxa8 25. O-O-O Nc7 26. Rde1 b5 27. Ne2 Nh5 28.
g4 fxg4 29. fxg4 Nf6 30. Ng3 h6 31. Ne2 a5 32. Nf4 Bf7 33. g5 hxg5 34. Rxg5 Ne4
35. Rgg1 b4 36. Rg2 a4 37. Reg1 Ne8 38. h4 a3 39. b3 Nc3 40. Nh5 Bxh5 41. Rg5
Ne2+ 42. Kd2 Nxg1 43. Rxh5 Nf6 44. Rg5 Ne4+ 45. Ke1 Nf3+ 0-1

[Event "Challenge"]
[Site "http://www.queenalice.com/game.php?id=457338"]
[Date "2008.9.2"]
[Round "-"]
[White "XaraX"]
[Black "floyd_page"]
[Result "1-0"]
[WhiteElo "1829"]
[BlackElo "1758"]

1. d4 d5 2. c4 c6 3. Nc3 Nf6 4. Bg5 Bf5 5. Bxf6 exf6 6. cxd5 cxd5 7. e3 Bb4 8.
Qa4+ Nc6 9. Bb5 Bxc3+ 10. bxc3 Qc7 11. Nf3 O-O 12. O-O a6 13. Be2 b5 14. Qd1 Na5
15. Rc1 Nc4 16. a4 bxa4 17. Qxa4 Nb2 18. Qa2 Rfb8 19. Qxd5 Be6 20. Qe4 Re8 21.
Qc2 Reb8 22. Rb1 Nc4 23. Rxb8+ Rxb8 24. Rb1 g6 25. Rxb8+ Qxb8 26. Bxc4 Bxc4 27.
Nd2 Bd5 28. c4 Bb7 29. c5 Qc8 30. Nb3 Qc6 31. f3 Qa4 32. Qb2 Bd5 33. Nc1 Qd1+
34. Kf2 Bc4 35. Ne2 a5 36. c6 Ba6 37. c7 Bc8 38. Qb8 1-0